Zenkoku Keizai Inkai kankei hōrei shū /
Saved in:
| Corporate Author: | |
|---|---|
| Format: | Book |
| Language: | Japanese Chinese |
| Published: |
Nankin :
Chūshi Kensetsu Shiryō Seibi Jimusho Henʾyakubu,
Shōwa 15 [1940]
|
| Series: | Henʾyaku ihō ;
dai 5-hen. |
| Subjects: | |
| Tags: |
Add Tag
No Tags, Be the first to tag this record!
|
| LEADER | 01738nam a2200361ui 4500 | ||
|---|---|---|---|
| 001 | 007775290-2 | ||
| 005 | 20024617121422.0 | ||
| 008 | 920625s1940 ja a o000 0 jpn d | ||
| 035 | 0 | |a ocm33764225 | |
| 040 | |a *LWU* |b jpn |c *LWU* |d OCoLC |d *YNH* |d CStRLIN | ||
| 041 | 1 | |a jpn |h chi | |
| 245 | 0 | 0 | |6 880-01 |a Zenkoku Keizai Inkai kankei hōrei shū / |c Chūshi Kensetsu Shiryō Seibi Jimusho. |
| 260 | |6 880-02 |a Nankin : |b Chūshi Kensetsu Shiryō Seibi Jimusho Henʾyakubu, |c Shōwa 15 [1940] | ||
| 300 | |a 2, 2, 7, 251 p. : |b ill. ; |c 23 cm. | ||
| 490 | 1 | |6 880-03 |a Henʾyaku ihō ; |v dai 5-hen | |
| 500 | |6 880-04 |a Hyōshi ni wa Chūshi Kensetsu Shiryō Seibi Iinkai to ari. | ||
| 500 | |6 880-05 |a Zenkoku Keizai Iinkai kan (Kokumin Seifu Zenkoku Keizai Iinkai kan) no honʾyaku. | ||
| 500 | |6 880-06 |a Hibaihin. | ||
| 653 | |6 880-07 |a Chūgoku (1912- chūkaminkoku) |a Keizai. | ||
| 710 | 1 | |6 880-08 |a Japan. |b Kōain. |b Kachū Renrakubu. |b Chūshi Kensetsu Shiryō Seibi Iinkai. | |
| 880 | 0 | 0 | |6 245-01 |a 全國經濟委員會關係法令集 / |c 中支建設資料整備事務所. |
| 880 | |6 260-02 |a 南京 : |b 中支建設資料整備事務所編譯部, |c 昭和15 [1940] | ||
| 880 | 1 | |6 490-03 |a 編譯彙報 ; |v 第5編 | |
| 880 | |6 500-04 |a 表紙には中支建設資料整備委員會とあり. | ||
| 880 | |6 500-05 |a 全國經濟委員會刊(國民政府全國經濟委員會刊)の翻譯. | ||
| 880 | |6 500-06 |a 非賣品. | ||
| 880 | |6 653-07 |a 中國(1912- 中華民國) |a 經濟. | ||
| 880 | 1 | |6 710-08 |a Japan. |b 興亞院. |b 華中連絡部. |b 中支建設資料整備委員會. | |
| 830 | 0 | |6 880-53 |a Henʾyaku ihō ; |v dai 5-hen. | |
| 880 | 0 | |6 830-53 |a 編譯彙報 ; |v 第5編. | |
| 886 | 2 | |2 jpnmarc |a 677 |b 332.22 | |
| 988 | |a 20021220 | ||
| 906 | |0 OCLC | ||


